000 00200 a2200097 4500
001 15072
100 _aKinglakl, A.W
245 _aEothen
260 _aLondon
_bThomas nelson
_c
090 _c11827
_d11827
942 _aNUST-CAE
_cM
_c2033
999 _c250145
_d250145